[Event "XLI Barbera del Valles Open 2018"]
[Site "Barbera del Valles"]
[Date "2018.07.09"]
[Round "6"]
[White "Torre, Eugenio"]
[Black "Asis, Tommy"]
[Result "0-1"]
[WhiteElo "2460"]
[BlackElo "2538"]
[Annotator "ChessBase"]
[PlyCount "61"]
[EventDate "2018.07.04"]
[EventType "swiss"]
[EventCountry "ESP"]
[SourceTitle "playchess.com"]
[Source "ChessBase"]
[SourceQuality "1"]
[TimeControl "5400+30"]

1. d4 {[%emt 0:00:00]} Nf6 {[%emt 0:06:26]} 2. Bg5 {[%emt 0:01:10]} e6 {[%emt 0:00:49]} 3. Nd2 {[%emt 0:03:24]} c5 {[%emt 0:01:42]} 4. e3 {[%emt 0:00:15]} cxd4 {[%emt 0:04:00]} 5. exd4 {[%emt 0:00:26]} Be7 {[%emt 0:00:30]} 6. Ngf3 {[%emt 0:00:29]} d6 {[%emt 0:06:19]} 7. Bd3 {[%emt 0:05:19]} Nbd7 {[%emt 0:00:27]} 8. a4 {[%emt 0:04:25]} O-O {[%emt 0:06:57]} 9. O-O {[%emt 0:00:32]} b6 {[%emt 0:21:27]} 10. a5 {[%emt 0:06:59]} bxa5 {[%emt 0:02:58]} 11. Nc4 {[%emt 0:00:51]} Rb8 {[%emt 0:00:33]} 12. Nxa5 {[%emt 0:05:37]} Qc7 {[%emt 0:00:56]} 13. b3 {[%emt 0:04:29]} h6 {[%emt 0:05:22]} 14. Bd2 {[%emt 0:05:37]} e5 {[%emt 0:00:52]} 15. Re1 {[%emt 0:02:01]} Re8 {[%emt 0:00:11]} 16. c4 {[%emt 0:06:30]} Bf8 {[%emt 0:02:16]} 17. Qc2 {[%emt 0:08:58]} Bb7 {[%emt 0:06:39]} 18. d5 {[%emt 0:00:12]} e4 {[%emt 0:01:13]} 19. Bxe4 {[%emt 0:01:34]} Nxe4 {[%emt 0:00:09]} 20. Rxe4 {[%emt 0:00:28]} Bxd5 {[%emt 0:00:13]} 21. Rxe8 {[%emt 0:00:32]} Rxe8 {[%emt 0:00:05]} 22. Nd4 {[%emt 0:02:48]} Be4 {[%emt 0:06:33]} 23. Qa2 {[%emt 0:07:27]} d5 {[%emt 0:04:34]} 24. Qa4 {[%emt 0:00:59]} Bc5 {[%emt 0:04:03]} 25. Be3 {[%emt 0:01:57]} Bxd4 {[%emt 0:06:49]} 26. Bxd4 {[%emt 0:01:39]} Re6 {[%emt 0:00:04]} 27. g3 {[%emt 0:10:56]} Ne5 {[%emt 0:00:38]} 28. Bxe5 {[%emt 0:03:53]} Qxe5 {[%emt 0:00:06]} 29. b4 {[%emt 0:09:16]} Bf3 {[%emt 0:02:26]} 30. Rf1 {[%emt 0:00:23]} Qf5 {[%emt 0:00:14]} 31. Ra1 0-1

[Event "XLI Barbera del Valles Open 2018"]
[Site "Barbera del Valles"]
[Date "2018.07.09"]
[Round "6"]
[White "Mohammad Nubairshah Shaikh"]
[Black "Karthik Venkataraman"]
[Result "1/2-1/2"]
[WhiteElo "2441"]
[BlackElo "2514"]
[Annotator "ChessBase"]
[PlyCount "35"]
[EventDate "2018.07.04"]
[EventType "swiss"]
[EventCountry "ESP"]
[SourceTitle "playchess.com"]
[Source "ChessBase"]
[SourceQuality "1"]
[TimeControl "5400+30"]

1. d4 Nf6 2. c4 g6 3. Nc3 d5 4. Nf3 Bg7 5. h4 c6 6. cxd5 cxd5 7. Bf4 Nc6 8. e3 O-O 9. Qb3 Na5 10. Qb4 Bf5 11. Be2 Ne4 12. Nxe4 dxe4 13. Ne5 Rc8 14. O-O Rc2 15. Bd1 Rc8 16. Be2 Rc2 17. Bd1 Rc8 18. Be2 1/2-1/2

[Event "XLI Barbera del Valles Open 2018"]
[Site "Barbera del Valles"]
[Date "2018.07.09"]
[Round "6"]
[White "Perez Mitjans, Orelvis"]
[Black "Ortiz Suarez, Isan Reynaldo"]
[Result "1/2-1/2"]
[WhiteElo "2399"]
[BlackElo "2548"]
[Annotator "TA"]
[PlyCount "53"]
[EventDate "2018.07.04"]
[EventType "swiss"]
[EventCountry "ESP"]
[SourceTitle "playchess.com"]
[Source "ChessBase"]
[SourceQuality "1"]

{[%evp 30,53,52,50,46,36,40,52,55,25,66,50,69,77,64,101,73,28,61,62,75,0,0,0,72,0]} 1. e4 c5 2. Nf3 d6 3. Bb5+ Bd7 4. Bxd7+ Nxd7 5. O-O Ngf6 6. Qe2 e6 7. c4 Rc8 8. b3 Be7 9. d4 cxd4 10. Nxd4 O-O 11. Bb2 a6 12. Nc3 Qa5 13. Rad1 {B52: Sizilianisch (Rossolimo-Variante)} (13. Rac1 Bd8 14. Kh1 Bb6 15. Rfd1 Rfd8 16. f4 Ba7 17. Nf3 Ng4 18. Rf1 Be3 19. Rcd1 Bxf4 20. Nd4 Qg5 {½-½ (77) Carlsen,M (2853)-Nakamura,H (2787) chess.com INT 2016}) 13... Rfd8 14. f4 Bf8 15. Kh1 Qh5 16. Qe1 {[#] LiveBook: 3 Partien} Ng4 $146 {[%csl Gg4][%cal Rh5h2] [#]} 17. h3 Ngf6 18. f5 Re8 $1 19. Qg3 Kh8 20. Qh2 exf5 21. Nxf5 Nc5 22. g4 Qg6 23. Nh4 Qg5 24. Nf3 Qg6 25. Nh4 ({Besser ist} 25. e5 $16 Nfe4 26. Nxe4 Nxe4 27. Qg2) 25... Qg5 $11 26. Nf3 ({Günstiger ist} 26. Nf5 $11 Nfxe4 27. Nxe4 Nxe4 28. Qg2) 26... Qg6 $16 27. Nh4 (27. e5 $16 Nfe4 28. Nd5) 1/2-1/2

[Event "XLI Barbera del Valles Open 2018"]
[Site "Barbera del Valles"]
[Date "2018.07.09"]
[Round "6"]
[White "Kadam Om, Manish"]
[Black "Manolache, Marius"]
[Result "1-0"]
[WhiteElo "1836"]
[BlackElo "2494"]
[Annotator "TA"]
[PlyCount "181"]
[EventDate "2018.07.04"]
[EventType "swiss"]
[EventCountry "ESP"]
[SourceTitle "playchess.com"]
[Source "ChessBase"]
[SourceQuality "1"]

{[%evp 20,181,-3,-19,8,7,34,29,47,42,40,35,27,20,27,24,58,-15,-11,0,22,24,102,108,108,99,85,84,100,102,121,110,136,126,158,134,149,148,145,133,145,150,151,167,156,146,162,107,101,79,88,79,138,135,135,142,141,146,150,140,143,141,155,160,146,156,253,253,253,251,252,207,529,530,480,408,568,559,528,515,490,506,573,576,570,571,568,451,569,565,564,551,542,558,618,612,602,585,591,581,608,623,669,601,716,687,785,795,849,927,1012,1013,1483,1224,872,683,1554,1500,1362,1379,1316,1291,4145,3788,29980,29982,29980,29980,29971,29970,29985,29986,29986,29987,29987,29986,29986,29987,29987,29988,29988,29988,29996,29997,29997,29992,29998,4145,29985,29986,29993,29986,29986,29987,29987,29988,29988,29989,29989,29990,29990,29990,29991,29992]} 1. e4 d6 2. d4 Nf6 3. Nc3 g6 4. Nf3 Bg7 5. Be2 O-O 6. O-O a6 7. a4 Nc6 8. h3 e5 9. dxe5 {B08: Pirc Defence: Classical System} dxe5 10. Bg5 (10. Bc4 h6 11. Be3 Qe7 12. Qe2 Be6 13. Rfd1 Rad8 14. Bb3 Rfe8 15. Rxd8 Rxd8 16. Bxe6 Qxe6 {0-1 (68) Wang,H (2709)-Yu,Y (2751) Huaian 2017}) 10... Be6 11. Qc1 {LiveBook: 4 Games. The position is equal.} Qc8 12. Rd1 Re8 13. Qe3 Qb8 14. Rd2 Qa7 15. Qxa7 Rxa7 16. Be3 $36 {[%mdl 2048] White has some pressure.} Raa8 17. Ng5 $146 Bh6 18. Nxe6 (18. Rad1 $14) 18... Bxe3 $11 19. fxe3 Rxe6 20. Bc4 Rd6 (20... Re7 $1 $11) 21. Rxd6 $16 cxd6 22. Rf1 $1 {[%cal Rf1f6]} Kg7 {[#]} 23. Bxf7 $1 {[%mdl 512]} Nb4 (23... Kxf7 24. Nd5) 24. Bb3 Rc8 25. Rd1 Rc6 26. a5 h5 27. Ba4 b5 28. axb6 Rxb6 29. Bb3 h4 30. Na4 Rb7 31. Rxd6 {aiming for Nc5.} Nxe4 32. Rd1 Ng3 {[#]} 33. Nc5 (33. c3 $1 $18 {Threatens to win with Nc5.} Nd3 34. Bc2 (34. Rxd3 Rxb3 35. Rd7+ Kh6 $16)) 33... Rb5 34. Ne6+ Kf6 35. Nc7 Rb7 (35... Rc5 $142) 36. Rd7 Rb8 37. Rf7+ Kg5 38. Ne6+ Kh6 39. Rf8 Rxf8 40. Nxf8 {[%mdl 4096] Endgame KBN-KNN} Kg5 41. Nd7 Kf5 42. Nc5 a5 (42... e4 $16 43. Nd7 g5) 43. c3 $18 Nc6 44. Ba4 Nd8 45. b4 {[%cal Bb2b4,Bb4a5,Ba5a6][%mdl 32]} Ne2+ $2 (45... axb4 {is tougher.} 46. cxb4 e4) 46. Kf2 Nxc3 47. Bc2+ e4 48. bxa5 Ke5 49. a6 {Hoping for a7.} Nc6 50. Ke1 Kd5 51. Kd2 Nb5 52. Nxe4 Nc7 53. Nc3+ Kc5 54. Bxg6 Nxa6 55. Ne4+ Kd5 56. Ng5 Ne5 57. Be4+ Kd6 58. Nf3 Nc5 59. Bc2 Ne6 60. Nxh4 Ng5 61. Ke2 Ngf7 62. Nf3 Nd7 63. e4 Ke7 64. Ke3 Kf6 65. Kf4 Nde5 66. h4 {[%cal Bh3h4,Bh4h5][%mdl 32]} Ng6+ 67. Kg3 Kg7 68. h5 Nf8 69. Bb3 Nd6 70. Kf4 Nb5 71. g4 Kh6 72. Nh4 Kh7 73. g5 Nd4 74. Bc4 Kh8 75. Ke5 Nc6+ 76. Kd6 Nd4 77. Ke7 Nh7 78. g6 Nc6+ 79. Kd6 Nf6 80. Kxc6 Nxe4 81. Nf5 Nf6 82. g7+ Kh7 {[#]} 83. g8=Q+ $1 Nxg8 84. Bxg8+ {White mates.} Kh8 85. h6 Kxg8 86. Kd7 Kh7 87. Ke6 Kg6 88. Ke7 Kh7 89. Kf6 Kh8 90. Kg6 Kg8 91. Nd6 {Precision: White = 91%, Black = 38%.} 1-0

[Event "XLI Barbera del Valles Open 2018"]
[Site "Barbera del Valles"]
[Date "2018.07.10"]
[Round "7"]
[White "Ortiz Suarez, Isan Reynaldo"]
[Black "Guseinov, Gadir"]
[Result "1/2-1/2"]
[WhiteElo "2548"]
[BlackElo "2654"]
[Annotator "ChessBase"]
[PlyCount "44"]
[EventDate "2018.07.04"]
[EventType "swiss"]
[EventCountry "ESP"]
[SourceTitle "playchess.com"]
[Source "ChessBase"]
[SourceQuality "1"]
[TimeControl "5400+30"]

1. e4 {[%emt 0:00:00]} c5 {[%emt 0:00:00]} 2. Nf3 {[%emt 0:00:00]} g6 {[%emt 0:00:00]} 3. d4 {[%emt 0:00:06]} cxd4 {[%emt 0:00:00]} 4. Qxd4 {[%emt 0:00:22]} Nf6 {[%emt 0:00:00]} 5. e5 {[%emt 0:00:36]} Nc6 {[%emt 0:00:00]} 6. Qa4 {[%emt 0:00:05]} Nd5 {[%emt 0:00:01]} 7. Qe4 {[%emt 0:00:06]} Nb6 {[%emt 0:00:04]} 8. Nc3 {[%emt 0:00:49]} Bg7 {[%emt 0:00:06]} 9. Bf4 {[%emt 0:01:18]} d5 {[%emt 0:00:36]} 10. exd6 {[%emt 0:05:23]} Bf5 {[%emt 0:02:57]} 11. dxe7 {[%emt 0:06:35]} Qd7 {[%emt 0:09:45]} 12. Qe3 {[%emt 0:05:12]} Nb4 {[%emt 0:06:11]} 13. Rc1 {[%emt 0:04:50]} Nxc2+ {[%emt 0:05:38]} 14. Rxc2 {[%emt 0:00:27]} Bxc2 {[%emt 0:00:03]} 15. Bb5 {[%emt 0:10:54]} Bxc3+ {[%emt 0:00:27]} 16. Qxc3 {[%emt 0:00:04]} Qxb5 {[%emt 0:00:06]} 17. Qxh8+ {[%emt 0:00:08]} Kxe7 {[%emt 0:00:06]} 18. Qd4 {[%emt 0:03:50]} Nd5 {[%emt 0:01:03]} 19. Qe5+ {[%emt 0:03:22]} Kd7 {[%emt 0:00:08]} 20. Qd6+ {[%emt 0:00:20]} Ke8 {[%emt 0:00:16]} 21. Nd4 {[%emt 0:09:59]} Qc4 {[%emt 0:01:51]} 22. Qe5+ {[%emt 0:03:21]} Kd7 {[%emt 0:00:15]} 1/2-1/2

[Event "XLI Barbera del Valles Open 2018"]
[Site "Barbera del Valles"]
[Date "2018.07.10"]
[Round "7"]
[White "Martinez Alcantara, Jose Eduardo"]
[Black "Mohammad Nubairshah Shaikh"]
[Result "1-0"]
[WhiteElo "2545"]
[BlackElo "2441"]
[Annotator "TA"]
[PlyCount "123"]
[EventDate "2018.07.04"]
[EventType "swiss"]
[EventCountry "ESP"]
[SourceTitle "playchess.com"]
[Source "ChessBase"]
[SourceQuality "1"]

{[%evp 11,123,4,0,0,-5,-7,-3,-4,-7,-8,21,22,18,7,18,0,0,-37,-33,-33,-37,-49,-53,-51,-51,-43,-62,-79,-32,-44,-40,-38,0,-51,44,-69,-47,-82,-67,-85,-64,-91,-58,-123,-117,-122,-56,-84,69,68,72,79,52,22,158,166,159,161,143,49,138,121,253,266,239,0,0,0,0,-116,-14,-36,-39,-471,0,-135,0,-91,-83,-387,50,55,54,-104,-35,-16,-22,-25,0,0,87,73,762,761,759,632,616,608,711,700,658,596,640,627,577,498,787,724,770,742,841,845,823,817]} 1. e4 c6 {[%cal Bc7c6,Bc6c5,Bc5c4][%mdl 32]} 2. d4 d5 3. e5 Bf5 4. Nf3 e6 5. Be2 Ne7 6. Nbd2 {B12: Caro-Kann: Advance Variation} c5 {LiveBook: 33 Games} (6... Nd7 7. O-O c5 8. c3 Nc6 9. Nb3 c4 10. Nbd2 b5 11. Re1 b4 12. Nf1 Be7 13. Ng3 Bg6 14. Be3 O-O 15. h4 Bxh4 16. Nxh4 Qxh4 17. cxb4 Nxb4 {1-0 (35) Vachier Lagrave,M (2789)-Mamedyarov,S (2808) Paris 2018}) 7. c3 Nec6 8. Nb3 {The position is equal.} c4 9. Nbd2 $1 b5 10. Nf1 h6 11. Ng3 Bh7 12. O-O Nd7 13. Be3 b4 {[#]} 14. Nh5 $146 bxc3 $1 15. bxc3 Qa5 16. Qe1 Rb8 17. Kh1 Rb2 18. a4 Nb6 19. Bd1 Kd8 20. Bd2 Bd3 21. Rg1 $1 g6 22. Nf6 (22. Nf4 $11) 22... Be7 (22... g5 $15) 23. Qe3 (23. Bc1 $1 $14 Rb1 24. Rxb1 Bxb1 25. Bd2) 23... Kc7 24. h4 g5 25. Be1 {Qc1 would now be nice for White.} Nd7 26. Qc1 Rb7 27. Nh5 (27. Nxd7 $15 Kxd7 28. Nh2) 27... Bg6 $17 28. g4 Be4 (28... gxh4 $17 29. Nf6 Bxf6 30. exf6 Be4) 29. Ng3 $15 gxh4 $2 ({Black should play} 29... Bxf3+ $17 30. Bxf3 gxh4) 30. Nxe4 $14 dxe4 31. Nd2 Qd5 {And now ...Bg5 would win.} 32. f3 {[%cal Bf2f3,Bf3e4][%mdl 32]} f5 (32... e3 $11 33. Nf1 Na5 34. Nxe3 Qc6) 33. exf6 $16 Nxf6 34. fxe4 Qg5 35. Bf3 (35. Qc2 $16) 35... Qe3 (35... Na5 $1 $14) 36. Rg2 {[#]} (36. Bxh4 $6 Nxe4 37. Re1 Qxd2 $14) 36... Rg8 (36... Rb3 $1 $16 {[%mdl 512]} 37. Nxb3 Qxf3) 37. Bxh4 $18 Nxe4 38. Nxe4 $2 (38. Re2 $18 Qd3 39. Rxe4 Bxh4 40. Rxe6) 38... Qxf3 $11 39. Bg3+ $1 Kc8 40. Nf2 (40. Qf4 $11 Qxg4 41. Rag1 Qh5+ 42. Rh2) 40... h5 ({Black should try} 40... Rb3 $1 $17 {[%cal Rb3c3]} 41. Qe1 Kd7) 41. Qh6 Nd8 $36 {[%mdl 2048] Strongly threatening ...Bg5. Black has the initiative.} 42. Qxh5 $2 {[%mdl 8192]} (42. Qf4 $1 $15 hxg4 43. Ne4) 42... Rg5 $2 (42... Nf7 $1 $19 {Threatens to win with ...Rh8.} 43. Be5 Rb2) 43. Qe8 (43. Qh7 $11 {keeps the balance.}) 43... Bf6 (43... Rg7 $17 {Hoping for ...Rh7+.} 44. Qh5 Bg5) 44. a5 (44. Qf8 $1 $11) 44... Qxc3 $17 45. Rd1 $2 {[%mdl 8192] [#]} (45. Rf1 $17 {was the crucial defense.} Rd5 46. Qg6 (46. Ne4 Qd3 $19) 46... Bxd4 47. Ne4 Qxa5 48. Rc1) 45... Qf3 $2 (45... Rh7+ $1 $19 46. Bh2 (46. Kg1 $2 Rh8 $19) 46... Rh8) 46. Qa4 $1 $14 Qb3 47. Qa1 $2 (47. Qxb3 $1 $14 {was forced to keep a grip.} Rxb3 48. Rc1) 47... Rd5 (47... Nc6 $17 48. Qc1 Rd5) 48. Ne4 $15 Rh7+ 49. Bh2 {[#]} Be5 $1 {[%mdl 512]} 50. Nd2 {[%cal Be4d2,Bd2c4,Bc4d6][%mdl 32]} (50. dxe5 Rxd1+) 50... Qb7 ({Don't play} 50... Bxd4 $6 51. Nxb3 Bxa1 52. Rxd5 $16) (50... Rxh2+ $1 $11 51. Rxh2 Qb7) 51. dxe5 $16 Rd3 $2 {[%mdl 8192]} (51... Rhd7 $16 52. Qc3 Qc6) 52. Nxc4 $18 {White is clearly winning.} Qf3 53. Rxd3 Qxd3 54. Nd6+ Kd7 55. Qa4+ Nc6 56. Qe4 Nxe5 {[#]} 57. Qxd3 $1 ({Inferior is} 57. Qxe5 Qf1+ 58. Rg1 Qf3+ 59. Rg2 Qd1+ 60. Rg1 Qf3+ 61. Rg2 Qd1+ 62. Rg1 Qf3+ $11) 57... Nxd3 58. Rd2 Ne1 (58... Nf4 $142 59. Kg1 Nd5) 59. Nc4+ Ke8 60. Ne5 Rb7 61. Bg3 Rb5 62. Re2 {Precision: White = 42%, Black = 40%.} 1-0

[Event "XLI Barbera del Valles Open 2018"]
[Site "Barbera del Valles"]
[Date "2018.07.10"]
[Round "7"]
[White "Asis Gargatagli, Hipolito"]
[Black "Kadam Om, Manish"]
[Result "1-0"]
[WhiteElo "2538"]
[BlackElo "1836"]
[Annotator "TA"]
[PlyCount "54"]
[EventDate "2018.07.04"]
[EventType "swiss"]
[EventCountry "ESP"]
[SourceTitle "playchess.com"]
[Source "ChessBase"]
[SourceQuality "1"]

{[%evp 23,54,7,0,10,11,0,60,64,68,77,121,122,147,134,239,248,244,237,234,225,243,231,218,87,264,196,1332,1318,1213,691,1388,1128,2072]} 1. e4 c5 2. Nf3 d6 3. d4 cxd4 4. Nxd4 Nf6 5. Nc3 a6 6. f3 e5 7. Nb3 Be7 8. Be3 Be6 9. Qd2 O-O 10. O-O-O Nbd7 11. g4 {[%cal Bg2g4,Bg4g5][%mdl 32]} b5 12. a3 {B90: Sicilian Najdorf: Unusual White 6th moves, 6 Be3 Ng4 and 6 Be3 e5} (12. g5 b4 13. Na4 Nh5 14. Qxb4 Bxg5 15. Bxg5 Qxg5+ 16. Kb1 Qf6 17. Qxd6 Qxf3 18. Rg1 Qe3 19. Bxa6 Nhf6 20. Rge1 Qa7 {1-0 (43) Yu,Y (2760)-Duda,J (2724) Liaocheng 2018}) 12... Nb6 {LiveBook: 5 Games} 13. Na5 Qc7 14. g5 {The position is equal.} Nfd7 (14... Nh5 $1 $11) 15. h4 $14 Rac8 {And now ...d5! would win.} 16. Kb1 Rfd8 17. Nd5 Nxd5 18. exd5 Bxd5 (18... Bf5 $16) 19. Qxd5 $18 Qxa5 {[#]} 20. Bd3 $146 Qc7 {[#]} 21. h5 $1 {[%mdl 1024] White has strong compensation.} Rf8 22. Bf5 Rb8 {[#]} 23. Qe4 (23. Rdg1 $1 $18 {and White stays clearly on top.}) 23... Nc5 $2 (23... b4 $16) 24. Qg4 ({Less strong is} 24. Bxh7+ Kh8 $14) 24... g6 $2 (24... Rbe8 25. g6 Bf6 26. gxh7+ Kh8) 25. hxg6 {White is clearly winning.} fxg6 26. Qh3 {[%csl Gh1][%cal Rh3h7]} Bd8 27. Bxc5 dxc5 {Precision: White = 62%, Black = 23%.} 1-0

[Event "XLI Barbera del Valles Open 2018"]
[Site "Barbera del Valles"]
[Date "2018.07.10"]
[Round "7"]
[White "Karthik Venkataraman"]
[Black "Neelash Saha"]
[Result "1-0"]
[WhiteElo "2514"]
[BlackElo "2319"]
[Annotator "TA"]
[PlyCount "93"]
[EventDate "2018.07.04"]
[EventType "swiss"]
[EventCountry "ESP"]
[SourceTitle "playchess.com"]
[Source "ChessBase"]
[SourceQuality "1"]

{[%evp 10,93,16,5,81,48,46,44,41,25,52,35,43,39,47,16,57,26,20,14,12,17,12,19,36,29,33,29,60,47,60,52,64,51,64,62,52,49,117,70,81,71,78,64,80,85,81,83,83,83,82,41,54,81,76,79,124,111,282,282,276,257,214,227,279,268,301,305,293,279,274,260,594,549,948,899,2089,2294,29976,29977,29977,29978,29978,29979,29979,29980]} 1. d4 f5 2. Bf4 Nf6 3. e3 d6 (3... g6 4. h4 h6 5. Nc3 d6 6. Qf3 c6 7. O-O-O Be6 8. Bd3 Qa5 9. a3 Nbd7 10. e4 O-O-O 11. Nge2 fxe4 12. Nxe4 {½-½ (40) Sjugirov,S (2650)-Nepomniachtchi,I (2729) Riadh 2017}) 4. Nc3 e6 5. Bd3 Nc6 6. Nf3 {LiveBook: 4 Games. A80: Dutch Defence: Unusual White second moves} Nh5 (6... h6 $11 {keeps the balance.}) 7. Bg5 Be7 8. Bxe7 {White is slightly better.} Nxe7 {[%cal Bc6e7,Be7d5,Bd5b4][%mdl 32]} 9. h3 Nd5 10. Ne2 Nb4 11. Bc4 Nf6 $146 12. a3 Nc6 13. Nf4 Qe7 14. d5 exd5 15. Nxd5 Nxd5 16. Bxd5 Ne5 17. Qd4 c6 18. Ba2 $36 {[%mdl 2048] White fights for an advantage.} Nxf3+ 19. gxf3 {Rg1 is the strong threat.} Qe5 20. Qb4 Qc5 21. Qf4 {aiming for Rg1.} Qe5 22. O-O-O {Threatens to win with Rhg1.} Qxf4 23. exf4 {Hoping for Rhg1.} Bd7 (23... d5 $14) 24. Rxd6 O-O-O 25. Re1 Rhe8 26. Re5 Rxe5 27. fxe5 $14 {[%mdl 4096] Endgame KRB-KRB} f4 28. h4 Be8 29. Be6+ Kc7 30. Rxd8 (30. Rd2 {keeps more tension.} Bg6 31. Re2 Re8 32. Bg4 Bf7 33. Kd2) 30... Kxd8 $16 {KB-KB} 31. Kd2 Ke7 32. Bf5 h6 33. Kd3 g5 $2 {[#]} (33... a5 $16 {keeps fighting.} 34. c3 a4) 34. hxg5 $18 hxg5 35. Kd4 Bh5 36. Be4 Kd7 37. b4 Bf7 38. Bf5+ Ke7 39. c4 Bh5 40. Bg4 Bf7 $2 {[#]} (40... Bg6 {is tougher.} 41. Kc5 Be8) 41. a4 b6 42. c5 bxc5+ 43. Kxc5 Bb3 44. Kxc6 {White mates.} Bxa4+ 45. Kb7 Kd8 46. Kxa7 Kc7 47. Ka6 {Precision: White = 67%, Black = 49%.} 1-0

[Event "XLI Barbera del Valles Open 2018"]
[Site "Barbera del Valles"]
[Date "2018.07.10"]
[Round "7"]
[White "Munoz, Miguel"]
[Black "Jimenez, Adrian"]
[Result "1-0"]
[WhiteElo "2500"]
[BlackElo "2211"]
[Annotator "RC"]
[PlyCount "83"]
[EventDate "2018.07.04"]
[EventType "swiss"]
[EventCountry "ESP"]
[SourceTitle "playchess.com"]
[Source "ChessBase"]
[SourceQuality "1"]
[TimeControl "5400+30"]

1. e4 {[%emt 0:07:00]} c5 {[%emt 0:00:00]} 2. Ne2 {[%emt 0:00:06]} d6 {[%emt 0:00:37]} 3. g3 {[%emt 0:00:13]} Nc6 {[%emt 0:03:28]} 4. Bg2 {[%emt 0:00:11]} g6 {[%emt 0:02:16]} 5. c3 {[%emt 0:00:07]} Bg7 {[%emt 0:00:29]} 6. d4 {[%emt 0:00:09]} cxd4 {[%emt 0:00:23]} 7. cxd4 {[%emt 0:00:05]} e5 {[%emt 0:05:03]} 8. Be3 {[%emt 0:00:10]} Nf6 {[%emt 0:15:54]} 9. h3 {[%emt 0:00:17]} O-O {[%emt 0:00:36]} 10. Nbc3 {[%emt 0:00:30]} Nd7 {[%emt 0:08:37]} 11. O-O {[%emt 0:00:53]} b6 {[%emt 0:22:50]} 12. Qa4 {[%emt 0:02:11]} Bb7 {[%emt 0:01:06]} 13. Rad1 {[%emt 0:05:23]} Na5 {[%emt 0:08:13]} 14. b3 {[%emt 0:00:55]} Rc8 {[%emt 0:02:04]} 15. Qa3 {[%emt 0:02:36]} Re8 {[%emt 0:04:06]} 16. dxe5 {[%emt 0:13:56]} dxe5 {[%emt 0:01:19]} 17. Nd5 {[%emt 0:05:04]} Bf8 {[%emt 0:02:46]} 18. b4 {[%emt 0:02:03]} Bc6 {[%emt 0:07:47]} 19. Qd3 {[%emt 0:04:44]} Nb7 {[%emt 0:00:11]} 20. Qa6 {[%emt 0:01:42]} Nd6 {[%emt 0:00:55]} 21. Nec3 {[%emt 0:06:40]} Bb7 22. Qa4 {[%emt 0:00:10]} Bc6 {[%emt 0:03:59]} 23. Qxa7 {[%emt 0:01:50]} Nc4 {[%emt 0:06:31]} 24. b5 {[%emt 0:01:19]} Ra8 {[%emt 0:01:24]} 25. Qc7 {[%emt 0:00:19]} Bxd5 {[%emt 0:00:40]} 26. Nxd5 {[%emt 0:00:13]} Nxe3 {[%emt 0:00:11]} 27. fxe3 {[%emt 0:00:16]} Kg7 {[%emt 0:01:10]} 28. h4 {[%emt 0:02:01]} Rc8 {[%emt 0:00:23]} 29. Qxd8 {[%emt 0:00:13]} Rcxd8 {[%emt 0:00:51]} 30. Nc7 {[%emt 0:01:52]} Nf6 {[%emt 0:00:19]} 31. Nxe8+ {[%emt 0:03:14]} Rxe8 {[%emt 0:00:01]} 32. Rc1 {[%emt 0:00:09]} Bc5 {[%emt 0:00:41]} 33. Rxc5 {[%emt 0:00:37]} bxc5 {[%emt 0:00:00]} 34. a4 {[%emt 0:05:47]} Ra8 {[%emt 0:00:28]} 35. Ra1 {[%emt 0:05:10]} Ra5 {[%emt 0:00:01]} 36. Bh3 {[%emt 0:00:16]} Nxe4 37. b6 {[%emt 0:00:15]} Ra6 {[%emt 0:02:26]} 38. a5 {[%emt 0:00:18]} Nd6 {[%emt 0:00:22]} 39. Bc8 {[%emt 0:03:00]} Ra8 {[%emt 0:00:38]} 40. Bd7 Rd8 {[%emt 0:00:43]} 41. a6 {[%emt 0:03:18]} c4 {[%emt 0:00:31]} 42. a7 {[%emt 0:00:23]} 1-0

[Event "XLI Barbera del Valles Open 2018"]
[Site "Barbera del Valles"]
[Date "2018.07.10"]
[Round "7"]
[White "Aguero Jimenez, Luis Lazaro"]
[Black "Perez Mitjans, Orelvis"]
[Result "1-0"]
[WhiteElo "2473"]
[BlackElo "2399"]
[Annotator "TA"]
[PlyCount "69"]
[EventDate "2018.07.04"]
[EventType "swiss"]
[EventCountry "ESP"]
[SourceTitle "playchess.com"]
[Source "ChessBase"]
[SourceQuality "1"]

{[%evp 30,69,-18,-20,0,0,0,0,-13,-19,0,-28,0,0,0,-35,-25,-55,-31,-30,246,246,187,37,19,46,36,38,135,128,669,671,662,652,659,659,29989,1019,29990,29991,29993,29994]} 1. Nf3 {Horn,Pe} Nf6 2. g3 d5 3. Bg2 e6 4. O-O Be7 5. d3 O-O 6. Nbd2 c5 7. e4 Nc6 8. Re1 b5 {[%cal Bb7b5,Bb5b4][%mdl 32]} 9. e5 Nd7 10. Nf1 b4 11. h4 a5 12. N1h2 Ba6 13. Bf4 a4 14. a3 bxa3 {C00: French: Unusual White 2nd moves} 15. bxa3 Rb8 16. h5 {[%cal Bh4h5,Bh5h6][%mdl 32] LiveBook: 11 Games} Rb2 {[#] The position is equal.} 17. h6 $146 ({Predecessor:} 17. Qc1 Qb6 18. Ng4 Nd4 19. Nxd4 cxd4 20. Bg5 Bxg5 21. Qxg5 f6 22. exf6 Nxf6 23. h6 Qc7 24. Rxe6 Nxg4 25. Re7 Qxe7 26. Bxd5+ Kh8 27. Qxe7 {1-0 (27) Nikolaidis,I (2565)-Muir,A (2300) Pula 1997 CBM 057 Extra [Horn,Pe]}) 17... g6 18. Ng4 Nd4 19. Bc1 Rb8 20. Be3 Nf5 21. Bf4 Rb2 22. Qc1 Qb6 23. c4 dxc4 24. dxc4 Nd4 $2 {[%mdl 8192] [#]} (24... Bb7 $11 {and Black stays safe.}) 25. Bg5 $1 $18 {[%cal Rg5e7]} Rc2 26. Qe3 (26. Bxe7 $18 Rxc1 27. Raxc1) 26... Bxg5 $14 27. Qxg5 Qd8 {Strongly threatening ...Nxf3+.} ({Avoid the trap} 27... Bxc4 $2 28. Nxd4 cxd4 29. Nf6+ Kh8 30. Nxd7 $18) 28. Qe3 Rxc4 {[#]} (28... Nf5 $1 $14 29. Qd3 Rxc4) 29. Red1 $1 $16 Rc3 $2 {[%mdl 8192]} (29... Nc2 $16 30. Rxd7 Nxe3 31. Rxd8 Nxg4 32. Rxf8+ Kxf8) 30. Qxc3 $18 Ne2+ 31. Kh2 Nxc3 {[#]} 32. Rxd7 $1 {[%mdl 512]} Qb8 {Threatens to win with ...Nd5.} (32... Qxd7 33. Nf6+) 33. Nf6+ Kh8 34. Ng5 $1 {[%csl LRf7,LRh7]} Nd5 35. Bxd5 {Precision: White = 62%, Black = 31%.} 1-0